000 00262nam a2200097Ia 4500
005 20251222141832.0
008 251222s9999||||xx |||||||||||||| ||spa||
082 _a005.8/H12A
245 0 _aAvance general del proceso de adaptación al año 2000: informe
942 _cLIB
999 _c7150
_d7150